01248 2200193 4500001002100000005001500021008004100036035002000077082000800097084001400105100001500119245003300134250000600167260004600173300001200219520080100231650001001032990001201042INLIS00000000000102620240527015908240527 1 ind  a0010-0524000261 a813 a813 ARY m aAryant A.W1 aMengejar Mimpi /cAryant A.W a1 aJakarta :bPT. Tiga Lancar Semesta,c2013 a204 hlm aSetelah batal dijodohkan sama papanya, Josephine mendapat ijin untuk pergi meninggalkan Bali dan kuliah di Yogyakarrta. Di Jogja, dia mengejar mimpi, berburu cowok yang selalu menghantuinya dalam mimpi. Mimpi yang selalu muncul berulang-ulang setelah perjodohan itu dibatalkan.Dengan jurus andalan Express Love , belasan cowok berhasil dipacarinya, selama tiga tahun kuliah. Namun, dia tidak kunjung menemukan cowok idaman yang selalu menghantui tidurnya. Josephine nyaris putus asa. Hingga akhirnya dia menemukan seorang pria yang jauh dari harapannya. Ironisnya, cowok itu ternyata adalah orang yang menolak dijodohkan dengannya. Akankah Josephine menemukan calon suami yang menghantui tidurnya? Ataukah dia akan bersatu atas nama takdir dengan cowok yang telah menolak dijodohkan dengannya? 4aFiksi a0744004